• 首页
  • 本馆介绍
  • 公告通知
  • 最新文献
  • 馆藏检索
  • 电子资源
  • 读者导购
  • 参考咨询
  • 我的图书馆
  • 登录
  • 详细信息显示
  • 放入我的书架
  • 预约/预借图书
  • 作者相关作品
  • 分类相关作品
  • 丛书相关作品
  • 出版社相关作品

书目信息

  • 表格格式
  • 工作单格式
  • 卡片格式
题名:
日本常识
    
 
作者: 陈伟伟 著
分册:  
出版信息: 北京   北京时代华文书局  2015.1
页数: 14,318页
开本: 24cm
丛书名:
单 册:
中图分类: K931.3
科图分类:
主题词: 日本--ri ben--概况 , 概况--gai kuang
电子资源:
ISBN: 978-7-8076-9913-2
000 00751nam0 22002411 450
001 0127144113
005 20170427144113.0
010    @a978-7-8076-9913-2@dCNY45.00
100    @a20151125d2015 em y0chiy0110 ea
101 0  @achi
102    @aCN@b110000
105    @af z 000zy
106    @ar
200 1  @a日本常识@Ari ben chang shi@f陈伟伟著
210    @a北京@c北京时代华文书局@d2015.1
215    @a14,318页@c图@d24cm
330    @a本书对日本的历史、地理、经济、文化、政治、生活、旅游、移民、科技、军事、教育等各方面的常识进行了全面、详实的阐述。
606 0  @a日本@Ari ben@x概况
606 0  @a概况@Agai kuang
690    @aK931.3@v5
701  0 @a陈伟伟@Achen wei wei@4著
801  0 @aCN@bTANGWEI@c20170308
905    @b0966789-91@dK931.3@e448@f3
    
    日本常识/陈伟伟著.-北京:北京时代华文书局,2015.1
    14,318页:图;24cm
    
    
    ISBN 978-7-8076-9913-2:CNY45.00
    本书对日本的历史、地理、经济、文化、政治、生活、旅游、移民、科技、军事、教育等各方面的常识进行了全面、详实的阐述。
●
相关链接 在E读中查询图书 在五车中查询图书 在当当中查询图书 在豆瓣中查询图书


正题名:日本常识     索取号:K931.3/448         预约/预借

序号 登录号 条形码 馆藏地/架位号 状态 备注
1 0966789   209667895   第二样本阅览室/ [索取号:K931.3/448] 在馆    
2 0966790   209667902   第二借阅区/ [索取号:K931.3/448] 在馆    
3 0966791   209667911   第二借阅区/ [索取号:K931.3/448] 在馆    
唐山师范学院图书馆 欢迎您!
大连网信软件有限公司© 版权所有